Nation of nations : (Record no. 185)
[ view plain ]
| 000 -LEADER | |
|---|---|
| fixed length control field | 01672cam a2200349 a 4500 |
| 001 - CONTROL NUMBER | |
| control field | 11949351 |
| 005 - DATE AND TIME OF LATEST TRANSACTION | |
| control field | 20210414113851.0 |
| 008 - FIXED-LENGTH DATA ELEMENTS--GENERAL INFORMATION | |
| fixed length control field | 000322s2001 mauab b 001 0 eng |
| 010 ## - LIBRARY OF CONGRESS CONTROL NUMBER | |
| LC control number | 00036152 |
| 020 ## - INTERNATIONAL STANDARD BOOK NUMBER | |
| International Standard Book Number | 0072315024 (combined : acidfree paper) |
| 020 ## - INTERNATIONAL STANDARD BOOK NUMBER | |
| International Standard Book Number | 0072315075 (v. 1 : acidfree paper) |
| 020 ## - INTERNATIONAL STANDARD BOOK NUMBER | |
| International Standard Book Number | 0072315091 (v. 2 : acidfree paper) |
| 040 ## - CATALOGING SOURCE | |
| Original cataloging agency | DLC |
| Transcribing agency | DLC |
| Modifying agency | DLC |
| 043 ## - GEOGRAPHIC AREA CODE | |
| Geographic area code | n-us--- |
| 050 00 - LIBRARY OF CONGRESS CALL NUMBER | |
| Classification number | E178.1.N346 |
| Item number | |
| 082 00 - DEWEY DECIMAL CLASSIFICATION NUMBER | |
| Edition number | 21 |
| 100 ## - MAIN ENTRY--PERSONAL NAME | |
| Personal name | Davidson, James West. |
| 245 00 - TITLE STATEMENT | |
| Title | Nation of nations : |
| Remainder of title | a narrative history of the American republic / |
| Statement of responsibility, etc. | James West Davidson ... [et al.]. |
| 250 ## - EDITION STATEMENT | |
| Edition statement | 4th ed. |
| 260 ## - PUBLICATION, DISTRIBUTION, ETC. | |
| Place of publication, distribution, etc. | Boston : |
| Name of publisher, distributor, etc. | McGraw-Hill, |
| Date of publication, distribution, etc. | c2001. |
| 300 ## - PHYSICAL DESCRIPTION | |
| Extent | 560p + various pagings: |
| Other physical details | ill. (some col.), maps (some col.) ; |
| Dimensions | 26 cm. |
| 504 ## - BIBLIOGRAPHY, ETC. NOTE | |
| Bibliography, etc. note | Includes bibliographical references and index. |
| 505 0# - FORMATTED CONTENTS NOTE | |
| Formatted contents note | Contents: Settling and civilizing the America -- The Creaion of a new America -- The Creation of a new Republic -- The Republic transformed and tested. |
| 538 ## - SYSTEM DETAILS NOTE | |
| System details note | System requirements: Windows (OS 95 and up) or Mac (OS 7.5 and up), with 16mb RAM, 2X CD-ROM drive, Netscape or Microsoft IE Browser (version 4.0 or later). |
| 651 #0 - SUBJECT ADDED ENTRY--GEOGRAPHIC NAME | |
| Geographic name | United States |
| General subdivision | History. |
| 700 1# - ADDED ENTRY--PERSONAL NAME | |
| Personal name | Davidson, James West. |
| 700 1# - ADDED ENTRY--PERSONAL NAME | |
| Personal name | Gienapp, William E. |
| 700 1# - ADDED ENTRY--PERSONAL NAME | |
| Personal name | Heyrman, Christine Leigh. |
| 700 1# - ADDED ENTRY--PERSONAL NAME | |
| Personal name | Lytle, Mark H. |
| 942 ## - ADDED ENTRY ELEMENTS (KOHA) | |
| Source of classification or shelving scheme | Library of Congress Classification |
| Koha item type | Books |
| Withdrawn status | Lost status | Source of classification or shelving scheme | Damaged status | Not for loan | Home library | Current library | Shelving location | Date acquired | Total Checkouts | Full call number | Barcode | Date last seen | Price effective from | Koha item type |
|---|---|---|---|---|---|---|---|---|---|---|---|---|---|---|
| Library of Congress Classification | WISCONSIN INTERNATIONAL UNIVERSITY COLLEGE, GHANA - MAIN LIBRARY | WISCONSIN INTERNATIONAL UNIVERSITY COLLEGE, GHANA - MAIN LIBRARY | General Stacks | 20/10/2011 | E178.1.N346 | 534/11 | 20/10/2011 | 20/10/2011 | Books |
